Проект антиутопії в романі Маргарет Етвуд "Призначена бути матір"ю" (Запис № 283965)

МАРК-запис
000 -LEADER
fixed length control field 01781nam a22001577a 4500
041 ## - LANGUAGE CODE
Language code of text/sound track or separate title ukr
080 ## - UNIVERSAL DECIMAL CLASSIFICATION NUMBER
Universal Decimal Classification number 09
090 ## - LOCALLY ASSIGNED LC-TYPE CALL NUMBER (OCLC); LOCAL CALL NUMBER (OCLC)
Local cutter number (OCLC) ; Book number/undivided call number, CALL (RLIN) ХАБ
100 ## - MAIN ENTRY--PERSONAL NAME
Personal name Хабета І. М.
245 ## - TITLE STATEMENT
Title Проект антиутопії в романі Маргарет Етвуд "Призначена бути матір"ю"
260 ## - PUBLICATION, DISTRIBUTION, ETC. (IMPRINT)
Place of publication, distribution, etc Острог
Name of publisher, distributor, etc КАФ
Date of publication, distribution, etc 2007
300 ## - PHYSICAL DESCRIPTION
Extent 66
520 ## - SUMMARY, ETC.
Summary, etc Вступ <br/>Розділ 1 Формально-стильові особливості утопії та антиутопії у світовій літературі<br/>1.1 Жанр утопії, характеристика утопічної свідомості персонажа<br/>1.2 Антиутопія та проблема визначення терміну<br/>1.3 Історична пардигма розвитку антиутопії<br/>1.4 Художньо-ідеологічна природа антиутопічної літератури<br/>Розділ 2 Художня реалізація антиутопічної свідомості у романі Маргарет Етвуд "Призначена бути матір"ю" <br/>2.1 Напрями творчої діяльності письменниці<br/>2.2 Сюжетно-фабульна осонова роману "Призначена бути матір"ю"<br/>2.3 Біблійні алюзії як сюжетотворчий чинник роману<br/>2.4 Тоталітарний стереотип жінки <br/>2.5 Ідейне навантаження присвяти та епіграфів твору<br/>2.6 Порівняльний аналіз композиції антиутопії<br/>Висновки
-- Утопія, антиутопія, М.Етвуд, біблійні алюзії
650 ## - SUBJECT ADDED ENTRY--TOPICAL TERM
Topical term or geographic name as entry element Research Papers
942 ## - ADDED ENTRY ELEMENTS (KOHA)
Koha item type Книги
Фонди
Withdrawn status Lost status Source of classification or shelving scheme Damaged status Not for loan Home library Current library Date acquired Source of acquisition Cost, normal purchase price Total Checkouts Full call number Barcode Date last seen Price effective from Koha item type
    Universal Decimal Classification     ВІЛ - Відділ іноземн. літератури НБ ВІЛ - Відділ іноземн. літератури НБ 16/04/2009 Акт №1 1.00   09 213704 15/12/2021 16/04/2009 Книги